|
|
|
|
| LEADER |
00000nam0a2200000 4500 |
| 001 |
172967 |
| 005 |
20231031164406.0 |
| 029 |
0 |
0 |
|a SU
|b 72045000
|f ТПУ
|
| 035 |
|
|
|a (RuTPU)RU\TPU\book\187623
|
| 090 |
|
|
|a 172967
|
| 100 |
|
|
|a 20091217d1974 k y0rusy50 ca
|
| 101 |
0 |
|
|a rus
|
| 102 |
|
|
|a RU
|
| 105 |
|
|
|a a p 001zy
|
| 200 |
1 |
|
|a Математическое моделирование переходных процессов при пуске асинхронного двигателя с тормозным электромагнитом постоянного тока
|e Отчет о НИР
|e Тема: № 60/72
|f Томский политехнический институт (ТПИ) ; руководитель Е. В. Кононенко ; В. С. Гринберг
|
| 210 |
|
|
|a Томск
|d 1974
|
| 215 |
|
|
|a 22 л.
|
| 320 |
|
|
|a Библиогр.: с. 19-22.
|
| 610 |
1 |
|
|a отчеты о НИР
|
| 610 |
1 |
|
|a тормозные устройства
|
| 610 |
1 |
|
|a асинхронные электродвигатели
|
| 610 |
1 |
|
|a электромагниты
|
| 610 |
1 |
|
|a постоянный ток
|
| 610 |
1 |
|
|a математическое моделирование
|
| 610 |
1 |
|
|a исследование
|
| 610 |
1 |
|
|a переходные процессы
|
| 675 |
|
|
|a 621.313.333(04)
|v 3
|
| 702 |
|
1 |
|a Кононенко
|b Е. В.
|4 673
|
| 702 |
|
1 |
|a Гринберг
|b В. С.
|4 677
|
| 712 |
0 |
2 |
|a Томский политехнический институт (ТПИ)
|c (1944-1991)
|2 stltpush
|3 (RuTPU)RU\TPU\col\1123
|4 595
|
| 801 |
|
1 |
|a RU
|b 63413507
|c 20091217
|
| 942 |
|
|
|c BK
|